| 000 | 00581nam a2200217 i 4500 | ||
|---|---|---|---|
| 001 | 1289135 | ||
| 005 | 20180208035341.0 | ||
| 008 | 770311s1977 maua b 001 0 eng | ||
| 010 | _a 76012794 | ||
| 020 | _a0201019809 | ||
| 040 |
_aDLC _cDLC _dDLC |
||
| 041 | _aeng | ||
| 080 | _a658.45 FAR | ||
| 082 | 0 | 0 | _a658.45 FAR |
| 100 | 1 | _a54 | |
| 101 | _aLID | ||
| 245 | 1 | 0 |
_aCommunicating and organizing / _cRichard V. Farace, Peter R. Monge, Hamish M. Russell. |
| 504 | _aBibliography: p. 261-269. | ||
| 906 |
_a7 _bcbc _corignew _d2 _eocip _f19 _gy-gencatlg |
||
| 942 |
_2ddc _cBK |
||
| 999 |
_c42091 _d42091 |
||